Civic life in the information age (Record no. 248748)
[ view plain ]
| 000 -LEADER | |
|---|---|
| fixed length control field | 01243nam a2200313Ia 4500 |
| 082 04 - DEWEY DECIMAL CLASSIFICATION NUMBER | |
| Classification number | 305.2420973090511 |
| 100 1# - MAIN ENTRY--AUTHOR NAME | |
| Personal name | Sanford, Stephanie. |
| 245 10 - TITLE STATEMENT | |
| Title | Civic life in the information age |
| 260 ## - PUBLICATION, DISTRIBUTION, ETC. (IMPRINT) | |
| Place of publication | Basingstoke : |
| Name of publisher | Palgrave Macmillan, |
| Year of publication | c2007. |
| 300 ## - PHYSICAL DESCRIPTION | |
| Number of Pages | xiv, 216 p. |
| 650 #0 - SUBJECT ADDED ENTRY--TOPICAL TERM | |
| Topical Term | Generation X |
| Topical Term | Citizenship |
| Topical Term | Internet |
| 856 40 - ELECTRONIC LOCATION AND ACCESS | |
| Uniform Resource Identifier | http://site.ebrary.com/lib/rucke/Doc?id=10171521 |
No items available.
